Vista normal Vista MARC

Entrada Personal Name

Número de registros utilizados en: 1

001 - CONTROL NUMBER

  • control field: 43960

003 - CONTROL NUMBER IDENTIFIER

  • control field: OSt

005 - DATE AND TIME OF LATEST TRANSACTION

  • control field: 20250122103704.0

008 - FIXED-LENGTH DATA ELEMENTS

  • fixed length control field: 250122|| aca||aabn | a|a d

040 ## - CATALOGING SOURCE

  • Original cataloging agency: OSt
  • Transcribing agency: OSt

100 ## - HEADING--PERSONAL NAME

  • Personal name: Obón, Pilar

670 ## - SOURCE DATA FOUND

  • Source citation: Work cat.: (OSt)30901: Coelho, Paulo, 1947- autor 6578, Aleph / , 2011.